| 000 | 02182nam0a2200373 i 4500 | ||
|---|---|---|---|
| 001 | RU\NLR\bibl\2058298 | ||
| 005 | 20260408070329.0 | ||
| 010 |
_a9785998801563 _9300 |
||
| 021 |
_aRU _b2013-50920 _93530 |
||
| 035 | _a(NLR Aleph) 002045107 | ||
| 090 |
_a4614721 _c4614721 |
||
| 100 | _a20130731d2013 u y0rusy50 ca | ||
| 101 | 0 | _arus | |
| 102 | _aRU | ||
| 105 | _ay ||||||||| | ||
| 200 | 1 |
_aСетевой анализ публичной политики _eучебник _e[для программ магистратуры по направлению 030200 "Политология", 040100 "Социология", 080200 "Менеджмент", 081100 "Государственное и муниципальное управление" _fдоц., к.социол.н., Волкова А.В., д.филос.н. Евин И.А., к.полит.н. Коверзнева С.А. и др.] _gпод ред. проф., д.филос.н. Л.В. Сморгунова _gС.-Петерб. гос. ун-т |
|
| 210 |
_aМосква _cРГ-Пресс _d2013 |
||
| 215 |
_a318 с. _cил. _d21 |
||
| 300 | _aАвт. указаны на обороте тит. л. | ||
| 320 | _aБиблиогр.: с. 308-313 (113 назв.), в конце глав и в подстроч. примеч. | ||
| 606 | 1 |
_aПолитические сети _jУчебники для высших учебных заведений _92256263 _3RU\NLR\AUTH\6601583239 |
|
| 606 | 1 |
_aПолитика _jУчебники для высших учебных заведений _xТеория _92139625 _3RU\NLR\AUTH\661289760 |
|
| 686 | 1 | _aФ011.4я73 | |
| 686 | 1 | _aФ.в.я73 | |
| 701 | 1 |
_4070 _8rus _7ca _aВолкова _bА. В. _cканд. социол. наук _f1975- _gАнна Владимировна _3RU\NLR\auth\77125264 _9108189 |
|
| 701 | 1 |
_aЕвин _bИ. А. _4070 |
|
| 701 | 1 |
_aКоверзнева _bС. А. _4070 |
|
| 712 | 0 | 2 |
_4570 _aСанкт-Петербургский государственный университет _3RU\NLR\AUTH\8810043151 _9585805 |
| 801 | 0 |
_aRU _bNLR _c20130731 _gRCR |
|
| 801 | 1 |
_aRU _bNLR _c20130731 |
|
| 942 | _cBOOK | ||
| 980 | _aNBR | ||